Catholic University of Zimbabwe Library
Online Public Access Catalogue
(OPAC)

Limited options (Record no. 13036)

MARC details
000 -LEADER
fixed length control field 00397 a2200145 4500
245 ## - TITLE STATEMENT
Title Limited options
Remainder of title : a novel
Medium print
020 ## - INTERNATIONAL STANDARD BOOK NUMBER
International Standard Book Number 0825304199 :
250 ## - EDITION STATEMENT
Edition statement 1st American ed.
650 ## - SUBJECT ADDED ENTRY--TOPICAL TERM
Topical term or geographic name entry element literature
260 ## - PUBLICATION, DISTRIBUTION, ETC.
Place of publication, distribution, etc. nyu
Name of publisher, distributor, etc. Beaufort Books
Date of publication, distribution, etc. 1987, c1986
084 ## -
-- PR6058.A62 L5 1987
300 ## - PHYSICAL DESCRIPTION
Extent 223 p.
Other physical details 22 cm.
Dimensions 223 p. ; 22 cm.
500 ## - GENERAL NOTE
General note Palma Harcourt.

No items available.

OPENING HOURS

Weekdays: 0815hrs - 1800hrs
Weekends:0900hrs - 1200hrs

Closed for Mass:

Mon, Thur: 1200hrs - 1300hrs
Sunday & Public Holiday’s

CALL SUPPORT

0242-570570, 0242-570169
09200664, +263 8644140602

LOCATION

18443, Cranborne Avenue, Hatfield, Harare

Other Links


©2021 | CUZ Library